00717nam a2200229 a 4500001001300000003000900013005001700022008004100039020002300080082001300103100002400116245005800140260005000198300000900248500003500257650002500292700002400317902000800341942000700349952011400356999001700470nice12345678IN_TiNIC20260116014031.0100111s2009 cama grp 000 0 eng  a9780521118712c79500a958bBRO aBroadbridge, Anne F aKingship and Ideology in the Islamic and Mongol World aCambridge bCambridge University Press c2009 a232p aincludes index and biblioraphy aCentral Asia-History1 aBroadbridge, Anne F bSRS cBK 001040708StackRoom-aHMIbHMId2010-01-11g795.00l0o958 BROp023056r2010-01-11v795.00w2010-01-11yBK c13594d13594